CONTEMPORARY ORAL AND MAXILLOFACIAL SURGERY (Record no. 6888)

MARC details
000 -LEADER
fixed length control field 00388nam a2200145Ia 4500
008 - FIXED-LENGTH DATA ELEMENTS--GENERAL INFORMATION
fixed length control field 150301s2003 xx 000 0 und d
082 ## - DEWEY DECIMAL CLASSIFICATION NUMBER
Classification number 617.525
Item number C2003P
100 ## - MAIN ENTRY--PERSONAL NAME
Personal name PETERSON ,SENIOR
245 ## - TITLE STATEMENT
Title CONTEMPORARY ORAL AND MAXILLOFACIAL SURGERY
250 ## - EDITION STATEMENT
Edition statement 4TH
260 ## - PUBLICATION, DISTRIBUTION, ETC. (IMPRINT)
Name of publisher, distributor, etc. ELSEVIER PUBLICATION
Place of publication, distribution, etc. ST.LOUIS MISSOURI
Date of publication, distribution, etc. 2003
300 ## - PHYSICAL DESCRIPTION
Extent 1-776
650 ## - SUBJECT ADDED ENTRY--TOPICAL TERM
Topical term or geographic name as entry element ORAL SURGERY
942 ## - ADDED ENTRY ELEMENTS (KOHA)
Source of classification or shelving scheme Dewey Decimal Classification
Koha item type Books
Holdings
Withdrawn status Lost status Source of classification or shelving scheme Damaged status Not for loan Home library Current library Date acquired Source of acquisition Cost, normal purchase price Serial Enumeration / chronology SGTU Bill Number Total Checkouts Full call number Barcode Date last seen Date last checked out Bill Date Koha item type
    Dewey Decimal Classification     SGT Dental Library SGT Dental Library 02/07/2015 ELSEVIER 65.56 1 SGTU 4213 1 617.525 C2003P FD7146 29/05/2025 29/05/2025 23/01/2014 Books